What is cinema? Essays selected and translated by Hugh Gray.
Gardado en:
| Autor Principal: | |
|---|---|
| Formato: | Libro |
| Idioma: | inglés |
| Publicado: |
University of California Press
[1967 repr.1974]
|
| Tags: |
Engadir etiqueta
Sen Etiquetas, Sexa o primeiro en etiquetar este rexistro!
|
MARC
| LEADER | 00000nam a22000007a 4500 | ||
|---|---|---|---|
| 008 | 211103b ||||| |||| 00| 0 eng d | ||
| 020 | |a 0520022556 | ||
| 100 | |a Bazin, André, 1918-1958. | ||
| 245 | |a What is cinema? |b Essays selected and translated by Hugh Gray. |c Essays selected and translated by Hugh Gray. |g vii, 200p. | ||
| 260 | |b University of California Press |c [1967 repr.1974] |h Berkeley |i 206611 - vol 1 |i 206612- vol 2 |l PN 1998 . B34 |m Motion pictures. | ||
| 500 | |a Translation of selections from Qu'est-ce que le cinéma? Includes bibliographical references. Vols 1 & 2. | ||
| 942 | |a lcc |c BK |e Adeyeye Y. S. |f 03/11/21 | ||
| 952 | |0 0 |1 0 |2 lcc |4 0 |6 PN1998 B34 |7 0 |9 3839 |a HOL |b HOL |c LP |d 2021-11-03 |l 0 |o PN 1998 .B34 |p 2021-67569 |r 2021-11-03 00:00:00 |w 2021-11-03 |y BK | ||
| 952 | |0 0 |1 0 |2 lcc |4 0 |6 PN1998 B34 |7 0 |9 3840 |a HOL |b HOL |c LP |d 2021-11-03 |l 0 |o PN 1998 .B34 |p 2021-67570 |r 2021-11-03 00:00:00 |w 2021-11-03 |y BK | ||
| 999 | |c 1919 |d 1919 | ||